Bankovní sektor a jeho konkurenceschopnost
Banková štruktúra a konkurencia. Faktory ovplyvňujúce konkurencieschopnosť bánk: a/ úspory z rozsahu a sortimentu, b/ vzťahy klient-banka, c/ rozdielne zdanenie v jednotlivých krajinách. Vplyv konkurencieschopnosti na bezpečnosť a stabilitu bánk.
Salvato in:
| Autore principale: | |
|---|---|
| Natura: | Capitolo di libro |
| Lingua: | ceco |
| Soggetti: | |
| Tags: |
Nessun Tag, puoi essere il primo ad aggiungerne!!
|
MARC
| LEADER | 00000naa a2200000 4500 | ||
|---|---|---|---|
| 001 | r017068 | ||
| 005 | 20221205101308.0 | ||
| 041 | 0 | |a cze | |
| 044 | |a CZ | ||
| 245 | 1 | 0 | |a Bankovní sektor a jeho konkurenceschopnost |c Sylva Floríková |
| 520 | |a Banková štruktúra a konkurencia. Faktory ovplyvňujúce konkurencieschopnosť bánk: a/ úspory z rozsahu a sortimentu, b/ vzťahy klient-banka, c/ rozdielne zdanenie v jednotlivých krajinách. Vplyv konkurencieschopnosti na bezpečnosť a stabilitu bánk. | ||
| 610 | 2 | 0 | |a banky |
| 610 | 2 | 0 | |a konkurencia |
| 610 | 2 | 0 | |a konkurencieschopnosť |
| 610 | 2 | 0 | |a zákazníci |
| 610 | 2 | 0 | |a rezervy finančné |
| 610 | 2 | 0 | |a likvidita |
| 610 | 2 | 0 | |a bezpečnosť |
| 100 | 1 | |a Floríková, Sylva | |